Brawlers - Brawl Stars - Statistics

Estatísticas Gerais
  • Esse quiz foi jogado 6 875 vezes
    1 139 desde o último reset
  • A pontuação média é 39 de 98
Estatísticas das Respostas
Raridade Brawler % Correto
Inicial Shelly
95%
Raro Colt
85%
Raro Nita
80%
Raro Bull
73%
Mítico R-T
71%
Lendário Corvo
70%
Raro El Primo
70%
Lendário Spike
70%
Raro Rosa
69%
Lendário Leon
67%
Raro Poco
67%
Raro Barley
64%
Raro Brock
64%
Épico Bo
63%
Ultralendário Kaze
63%
Super-Raro Jessie
62%
Mítico Buzz
60%
Épico Edgar
57%
Mítico Mortis
57%
Épico Piper
57%
Super-Raro Dynamike
56%
Super-Raro Rico
56%
Épico Frank
53%
Épico Bibi
50%
Lendário Kit
50%
Super-Raro Penny
50%
Super-Raro Gus
49%
Lendário Kenji
49%
Lendário Amber
48%
Épico Emz
48%
Lendário Wattson
48%
Super-Raro 8-Bit
47%
Super-Raro Tick
47%
Épico Mandy
45%
Lendário Meg
44%
Épico Pam
44%
Lendário Chester
43%
Lendário Sandy
43%
Super-Raro Darryl
41%
Super-Raro Carl
40%
Super-Raro Jacky
40%
Mítico Tara
40%
Épico Stu
38%
Épico Bea
37%
Épico Colette
37%
Lendário Cordelius
37%
Mítico Mico
37%
Lendário Draco
36%
Épico Nani
36%
Mítico Fang
35%
Épico Gale
34%
Mítico Max
34%
Mítico Byron
33%
Épico Griff
33%
Mítico Janet
33%
Mítico Eugenio
32%
Mítico Juju
32%
Épico Sam
32%
Épico Belle
31%
Épico Bonnie
31%
Épico Lola
31%
Mítico Gigi
30%
Épico Berry
29%
Mítico Doug
29%
Mítico Lily
29%
Mítico Mina
29%
Épico Grom
28%
Mítico Lou
28%
Épico Shade
28%
Mítico Sprout
28%
Épico Angelo
27%
Mítico Mister P
27%
Mítico Charlie
26%
Mítico Melodie
26%
Épico Trunk
26%
Mítico Buster
25%
Mítico Ruffs
25%
Mítico Gray
25%
Mítico Willow
25%
Mítico Chuck
24%
Mítico Lumi
24%
Mítico Otis
24%
Épico Pearl
24%
Temporário Buzz Lightyear
23%
Mítico Squeak
23%
Mítico Alli
22%
Mítico Finx
22%
Épico Hank
22%
Mítico Ollie
22%
Épico Ash
21%
Mítico Clancy
21%
Mítico Eve
21%
Mítico Moe
21%
Mítico Ziggy
20%
Épico Maisie
19%
Épico Larry e Lawrie
17%
Épico Meeple
15%
Mítico Jae-yong
10%
Nenhum quiz correspondente encontrado
Distribuição das Pontuações
Porcentagem de Pessoas com Cada Pontuação
Percentil de Números Respondidos
Sua Pontuação Histórica
Você não jogou esse quiz desde o último reset